| 000 | 00489nam a2200121Ia 4500 | ||
|---|---|---|---|
| 008 | 171212s9999 xx 000 0 und d | ||
| 020 | _a9780874217506 | ||
| 245 |
_ceditor Blank, Trevor J. _aFolklore and the Internet _bVernacular Expression in a Digital World |
||
| 260 |
_bUniversity Press of Colorado _c2009 |
||
| 650 | _aFolklore and the Internet; Folklore -- Computer network resources; Digital communications | ||
| 650 | _aSociology | ||
| 856 | _uwww.jstor.org/stable/10.2307/j.ctt4cgrx5 | ||
| 999 |
_c353067 _d353067 |
||